Statistics for Our Band Could Be Your Life

Click here to take the quiz!

General Stats

  • This quiz has been taken 5 times
  • The average score is 8 of 13

Answer Stats

BandSong% Correct
Sonic YouthTeen Age Riot
100%
Black FlagRise Above
75%
Dinosaur Jr.Freak Scene
75%
FugaziWaiting Room
75%
Minor ThreatStraight Edge
75%
MinutemenHistory Lesson Pt. 2
75%
Mission of BurmaThat's When I Reach for My Revolver
75%
MudhoneyTouch Me I'm Sick
75%
Big BlackKerosene
50%
Butthole SurfersThe Shah Sleeps in Lee Harvey's Grave
50%
Hüsker DüPink Turns to Blue
25%
The ReplacementsAndrogynous
25%
Beat HappeningOur Secret
0%

Score Distribution

Percentile by Number Answered

Percent of People with Each Score

Your Score History

You have not taken this quiz